[Event "SZCZYRK OPEN - TURNIEJ Z OKAZJI SWIETA NIEPODLEGLOSCI - BLITZ 3'+2'' "]
[Site "Szczyrk"]
[Date "2018-11-11"]
[Round "3.39"]
[White "Chaczynski, Kamil"]
[Black "Karut, Kacper"]
[Result "0-1"]
[WhiteTitle ""]
[BlackTitle ""]
[WhiteElo "1486"]
[BlackElo "1238"]

1. Nf3 d6 2. c4 c5 3. Nc3 Nc6 4. g3 a6 5. Bg2 e6 6. O-O Qc7 7. e3 b6 8. d4 Bb7
9. b3 Be7 10. Bb2 Nf6 11. Qd3 O-O 12. a3 h6 13. Nd2 cxd4 14. exd4 Nd8 15. d5 exd5
16. Nxd5 Nxd5 17. Bxd5 Bxd5 18. cxd5 f6 19. Rac1 Qd7 20. Rfe1 Nf7 21. Nc4 Rab8
22. Qe3 Rfe8 23. Nxb6 Qd8 24. Nc4 Qd7 25. Qd3 Ne5 26. Nxe5 dxe5 27. Red1 Red8
28. Rc2 Qb5 29. Rc3 Qxd3 30. Rcxd3 Rd6 31. a4 Rdb6 32. d6 Bd8 0-1

[Event "SZCZYRK OPEN - TURNIEJ Z OKAZJI SWIETA NIEPODLEGLOSCI - BLITZ 3'+2'' "]
[Site "Szczyrk"]
[Date "2018-11-11"]
[Round "3.40"]
[White "Starosciak, Szymon "]
[Black "Panek, Bartosz "]
[Result "0-1"]
[WhiteTitle ""]
[BlackTitle ""]
[WhiteElo "1233"]
[BlackElo "1478"]

1. e4 e6 2. d4 d5 3. Nd2 Nf6 4. e5 Nfd7 5. Bd3 c5 6. c3 Nc6 7. Ne2 f6 8. exf6 Nxf6
9. O-O cxd4 10. cxd4 Bd6 11. Nf3 O-O 12. Bf4 Ne4 13. Bxd6 Qxd6 14. Ng3 Nxg3 15.
hxg3 b6 16. Bxh7+ Kxh7 17. Ng5+ Kg8 18. Qh5 Rf5 19. Qh7+ Kf8 20. Qh8+ Ke7 21.
Qxg7+ Ke8 22. Qg6+ Kd7 23. g4 Rf8 24. Rac1 Kc7 25. Qg7+ Bd7 26. Rc2 Kb7 27. Qg6
Rg8 28. Qh5 Rh8 29. Qg6 Rag8 30. Qd3 Rxg5 31. Rfc1 Rg7 32. b4 Rgh7 33. Kf1 Rh1+
34. Ke2 Rxc1 35. Rxc1 Qxb4 36. Qg6 Qb2+ 37. Qc2 Qxc2+ 38. Rxc2 Rg8 39. f3 Nxd4+
0-1

[Event "SZCZYRK OPEN - TURNIEJ Z OKAZJI SWIETA NIEPODLEGLOSCI - BLITZ 3'+2'' "]
[Site "Szczyrk"]
[Date "2018-11-11"]
[Round "3.41"]
[White "Wiszniewski, Tomasz"]
[Black "Guzik, Wojciech"]
[Result "1/2-1/2"]
[WhiteTitle ""]
[BlackTitle ""]
[WhiteElo "1475"]
[BlackElo "1224"]

1. e4 c5 2. Nf3 e6 3. d3 Nc6 4. g3 a6 5. Bg2 Qc7 6. O-O Nf6 7. Nbd2 h5 8. h4 Be7
9. Re1 Ng4 10. Nc4 Nge5 11. Bf4 Nxf3+ 12. Qxf3 d6 13. e5 d5 14. Ne3 Nd4 15. Qd1
b6 16. c3 Nc6 17. Qf3 Bb7 18. Rac1 Qb8 19. Qd1 Qd8 20. Qa4 b5 21. Qd1 g5 22. hxg5
Bxg5 23. Qf3 h4 24. Qg4 Bxf4 25. Qxf4 hxg3 26. fxg3 Kd7 27. Qxf7+ Qe7 28. Rf1
Raf8 29. Qxe7+ Kxe7 30. b3 Nd8 31. Rf3 Rxf3 32. Bxf3 Nf7 33. Rf1 Nxe5 34. Bg2
Nxd3 35. c4 d4 36. Bxb7 dxe3 37. Bxa6 e2 38. Rb1 e1=Q+ 39. Rxe1 Nxe1 40. Kf2 Nd3+
41. Ke3 Ne5 42. Bxb5 Rd8 43. a4 Nd7 44. a5 Nb8 45. a6 Nxa6 46. Bxa6 Ra8 47. Bb7
Ra3 48. Ke4 Rxb3 49. g4 Rg3 50. Kf4 Rc3 51. Ba6 Rc1 1/2-1/2

[Event "SZCZYRK OPEN - TURNIEJ Z OKAZJI SWIETA NIEPODLEGLOSCI - BLITZ 3'+2'' "]
[Site "Szczyrk"]
[Date "2018-11-11"]
[Round "3.42"]
[White "Borsuk, Aleksandra "]
[Black "Sandomierski, Cyprian"]
[Result "0-1"]
[WhiteTitle ""]
[BlackTitle ""]
[WhiteElo "1221"]
[BlackElo "1472"]

1. e4 c5 2. Nf3 d6 3. d4 cxd4 4. Nxd4 Nf6 5. Nc3 a6 6. g3 e5 7. Nde2 Be6 8. Bg2
Nbd7 9. Bg5 Be7 10. f4 exf4 11. Bxf4 Ne5 12. Bxe5 dxe5 13. Qxd8+ Rxd8 14. O-O
O-O 15. Rad1 Bc5+ 16. Kh1 Ng4 17. Rxd8 Rxd8 18. h3 Ne3 19. Rc1 Rd2 20. Na4 Ba7
21. Nac3 Rxc2 22. Rxc2 Nxc2 23. Nd5 Bxd5 24. exd5 Ne3 25. d6 Nxg2 26. d7 Bb6 27.
Kxg2 Kf8 28. Nc3 Bd8 29. Nd5 f6 30. Kf3 Kf7 31. Ke4 Ke6 32. g4 g6 33. h4 f5+ 34.
gxf5+ gxf5+ 35. Kd3 Kxd5 36. h5 Kd6 37. b3 Kxd7 38. Kc4 Kc6 39. a3 b5+ 40. Kd3
Bb6 41. Ke2 Kd5 42. Kd3 e4+ 43. Ke2 Kd4 44. Kd2 f4 45. Ke2 f3+ 46. Kd2 e3+ 47.
Ke1 Kd3 48. Kf1 e2+ 49. Ke1 f2# 0-1

[Event "SZCZYRK OPEN - TURNIEJ Z OKAZJI SWIETA NIEPODLEGLOSCI - BLITZ 3'+2'' "]
[Site "Szczyrk"]
[Date "2018-11-11"]
[Round "3.43"]
[White "Bochenek, Kacper "]
[Black "Rozek, Michal"]
[Result "1-0"]
[WhiteTitle ""]
[BlackTitle ""]
[WhiteElo "1463"]
[BlackElo "1217"]

1. e4 d5 2. exd5 Nf6 3. Nf3 Nxd5 4. d3 Bg4 5. Be2 Nc6 6. O-O e6 7. h3 Bh5 8. Bd2
Be7 9. Nc3 O-O 10. Nxd5 Qxd5 11. Bc3 f6 12. Re1 e5 13. Nd2 Bxe2 14. Qxe2 Nd4 15.
Bxd4 Qxd4 16. Rab1 Rfd8 17. Nb3 Qd7 18. Rbd1 Bb4 19. c3 Be7 20. d4 Qe6 21. dxe5
fxe5 22. Qe3 Rxd1 23. Rxd1 a6 24. Nc5 Bxc5 25. Qxc5 Rc8 26. Re1 b6 27. Qxe5 Qxe5
28. Rxe5 Kf7 29. f4 Rd8 30. Re2 Rd1+ 31. Kf2 Ra1 32. b3 Rd1 33. Ke3 Kf6 34. g4
Rd7 35. Rd2 Re7+ 36. Kf3 g5 37. f5 h6 38. c4 Rf7 39. Rd5 Re7 40. Rd2 Rf7 41. Rd4
Re7 42. Re4 Rd7 43. Ke2 Rd6 44. a3 c5 45. b4 cxb4 46. axb4 Rc6 47. Ke3 Rd6 48.
Rd4 Rc6 49. Kd3 b5 50. c5 Rc7 51. Rd6+ Kg7 52. Rxa6 Rd7+ 53. Rd6 Rb7 54. c6 Rb6
55. Rd7+ Kf6 56. c7 Rc6 57. Kd4 Rc4+ 58. Kd5 Rc1 59. Rd6+ Kg7 60. Rc6 Rd1+ 61.
Ke4 Re1+ 62. Kd3 Re8 63. c8=Q Rxc8 64. Rxc8 Kf6 65. Rc5 Kg7 66. Rxb5 Kf6 67. Rb6+
Kg7 68. Rg6+ Kh7 69. b5 Kh8 70. b6 Kh7 71. b7 Kh8 72. b8=Q+ Kh7 73. Qg8# 1-0

[Event "SZCZYRK OPEN - TURNIEJ Z OKAZJI SWIETA NIEPODLEGLOSCI - BLITZ 3'+2'' "]
[Site "Szczyrk"]
[Date "2018-11-11"]
[Round "3.44"]
[White "Reszka, Zofia"]
[Black "Marciniak, Leonard "]
[Result "0-1"]
[WhiteTitle ""]
[BlackTitle ""]
[WhiteElo "1219"]
[BlackElo "1458"]

1. e4 c5 2. Nf3 e6 3. d4 cxd4 4. Nxd4 a6 5. Nc3 Qc7 6. Bd3 Nc6 7. Be3 Nf6 8. O-O
b5 9. a3 Bb7 10. f4 Nxd4 11. Bxd4 Bc5 12. Bxc5 Qxc5+ 13. Kh1 O-O 14. Qe1 d5 15.
e5 Nd7 16. Qh4 g6 17. Rf3 Rfd8 18. Rh3 Nf8 19. g4 Rac8 20. f5 d4+ 21. Ne4 Bxe4+
22. Bxe4 Qxe5 23. Bg2 exf5 24. gxf5 Qxf5 25. Rf1 Qxc2 26. Qf6 Qc7 27. Rhf3 d3
28. Rd1 Rd6 29. Qf4 Rcd8 30. Qd2 Qc2 31. Rf2 Qxd2 32. Rfxd2 Ne6 33. Bf1 Nc5 34.
b4 Ne4 35. Rxd3 Nf2+ 36. Kg1 Nxd1 37. Rxd6 Rxd6 38. Kg2 Ne3+ 39. Kg1 Nxf1 40.
Kxf1 Rd3 41. a4 bxa4 42. b5 axb5 43. Ke2 Rc3 44. Kf2 Rc2+ 45. Kg1 Rxh2 46. Kxh2
a3 47. Kg2 a2 48. Kf1 a1=Q+ 49. Ke2 Qd4 50. Kf1 b4 51. Ke2 b3 52. Kf1 b2 53. Ke2
b1=Q 54. Kf3 Qbd3+ 55. Kg2 Qg4+ 56. Kf2 Qde2# 0-1

[Event "SZCZYRK OPEN - TURNIEJ Z OKAZJI SWIETA NIEPODLEGLOSCI - BLITZ 3'+2'' "]
[Site "Szczyrk"]
[Date "2018-11-11"]
[Round "3.45"]
[White "Prawucka, Zofia"]
[Black "Kordela, Monika"]
[Result "0-1"]
[WhiteTitle ""]
[BlackTitle ""]
[WhiteElo "1216"]
[BlackElo "1451"]

1. e4 c5 2. c3 d6 3. d4 cxd4 4. cxd4 g6 5. Nf3 Bg7 6. Be3 Nc6 7. Bb5 Nf6 8. Nc3
Bd7 9. O-O O-O 10. Re1 Rc8 11. Bg5 a6 12. Bxc6 Bxc6 13. Bxf6 Bxf6 14. e5 dxe5
15. dxe5 Bg7 16. Qc2 Qb6 17. Na4 Bxa4 18. Qxa4 Qxb2 19. Rab1 Qc3 20. Rxb7 e6 21.
Qxa6 Ra8 22. Ra7 Rxa7 23. Qxa7 Rc8 24. Qe3 Qc4 25. Rc1 Qxc1+ 26. Qxc1 Rxc1+ 27.
Ne1 Rxe1# 0-1

[Event "SZCZYRK OPEN - TURNIEJ Z OKAZJI SWIETA NIEPODLEGLOSCI - BLITZ 3'+2'' "]
[Site "Szczyrk"]
[Date "2018-11-11"]
[Round "3.46"]
[White "Polak, Sylwia"]
[Black "Komisarski, Jerzy"]
[Result "0-1"]
[WhiteTitle ""]
[BlackTitle ""]
[WhiteElo "1432"]
[BlackElo "1208"]

1. d4 e6 2. c4 d5 3. Nc3 Nf6 4. e3 Bb4 5. a3 Bxc3+ 6. bxc3 O-O 7. Nf3 c6 8. cxd5
cxd5 9. c4 dxc4 10. Bxc4 Nbd7 11. O-O Nb6 12. Bd3 Bd7 13. Bb2 Bc6 14. Re1 Rc8
15. e4 Qc7 16. Rc1 Qb8 17. Bb1 Na4 18. Ba1 Rfd8 19. Qd3 Bxe4 20. Rxc8 Qxc8 21.
Rxe4 Nxe4 22. Qxe4 Qc1+ 23. Ne1 Qxa3 24. Qxh7+ Kf8 25. Qh8+ Ke7 26. Qh4+ f6 27.
Qh5 Qxa1 28. Qd1 Nc3 29. Qb3 Qxb1 30. Qxc3 Rxd4 31. Qc5+ Rd6 32. Qc7+ Rd7 33.
Qc5+ Kf7 0-1

[Event "SZCZYRK OPEN - TURNIEJ Z OKAZJI SWIETA NIEPODLEGLOSCI - BLITZ 3'+2'' "]
[Site "Szczyrk"]
[Date "2018-11-11"]
[Round "3.47"]
[White "Kucza, Kamil "]
[Black "Hampel, Anna "]
[Result "0-1"]
[WhiteTitle ""]
[BlackTitle ""]
[WhiteElo "1200"]
[BlackElo "1426"]

1. e4 c5 2. c4 e6 3. d3 Nc6 4. Nf3 d6 5. Be2 Nf6 6. O-O Be7 7. h3 O-O 8. Bg5 h6
9. Bh4 a6 10. Nc3 Rb8 11. a3 b5 12. cxb5 axb5 13. d4 b4 14. axb4 cxb4 15. Na2
Nxe4 16. Bxe7 Qxe7 17. Nd2 Nf6 18. Bf3 Nxd4 19. Ne4 Nxf3+ 20. Qxf3 Nxe4 21. Qxe4
Bb7 22. Qd3 Qg5 23. Qg3 Qxg3 24. fxg3 Bd5 25. Rfd1 Rfc8 26. Kf1 Rc2 27. Rxd5 exd5
28. Rb1 d4 29. g4 d3 30. h4 d2 31. Ke2 Re8+ 32. Kd1 Re1+ 33. Kxc2 Rxb1 34. Kxd2
Rxb2+ 35. Kd3 Rxa2 36. g3 b3 37. Kc3 b2 38. Kc2 Ra3 39. Kxb2 Rxg3 40. g5 hxg5
41. h5 Rh3 42. Kc2 Rxh5 43. Kd3 Rh4 44. Ke2 g4 45. Ke3 f5 46. Kf4 Rh3 47. Kg5
g3 48. Kf4 g2 49. Kxf5 g1=Q 50. Ke6 Re3+ 51. Kd5 Qd1+ 52. Kc6 Qg4 53. Kc7 Rc3+
54. Kb6 Qb4+ 55. Ka6 Ra3# 0-1

[Event "SZCZYRK OPEN - TURNIEJ Z OKAZJI SWIETA NIEPODLEGLOSCI - BLITZ 3'+2'' "]
[Site "Szczyrk"]
[Date "2018-11-11"]
[Round "3.48"]
[White "Miler, Franciszek"]
[Black "Krupinski, Mikolaj "]
[Result "0-1"]
[WhiteTitle ""]
[BlackTitle ""]
[WhiteElo "1197"]
[BlackElo "1414"]

1. e4 c5 2. Nf3 Nc6 3. d4 cxd4 4. Nxd4 Nf6 5. Nc3 d6 6. Bg5 e6 7. Bb5 Bd7 8. Bxc6
bxc6 9. Qf3 Be7 10. e5 Nd5 11. Bxe7 Qxe7 12. exd6 Qxd6 13. Ne4 Qb4+ 14. c3 Qxb2
15. Nd6+ Ke7 16. Qxf7+ Kxd6 17. Qf3 Qxa1+ 18. Ke2 Qxh1 19. Qg3+ Ke7 20. Qxg7+
Kd6 21. Qg3+ Kc5 22. Nb3+ Kb6 23. c4 Rhg8 24. c5+ Kb7 25. Na5+ Ka6 26. Qc7 Nxc7
0-1

[Event "SZCZYRK OPEN - TURNIEJ Z OKAZJI SWIETA NIEPODLEGLOSCI - BLITZ 3'+2'' "]
[Site "Szczyrk"]
[Date "2018-11-11"]
[Round "3.49"]
[White "Mika, Adrian "]
[Black "Smolen, Sebastian"]
[Result "0-1"]
[WhiteTitle ""]
[BlackTitle ""]
[WhiteElo "1177"]
[BlackElo "1411"]

1. e4 e6 2. Nf3 d5 3. e5 c5 4. d4 Nc6 5. Bg5 Qb6 6. Nc3 cxd4 7. Nxd4 Qxd4 8. Qf3
Qxe5+ 9. Be3 d4 10. Bb5 Bd7 11. O-O dxc3 12. bxc3 Qxb5 13. Rfd1 Nf6 14. Bg5 Qxg5
15. Qd3 Rd8 16. Rab1 b6 17. Qa6 Bc5 18. Qb7 O-O 19. Rxd7 Rxd7 20. Qxc6 Qd5 21.
Qb5 Qd1+ 22. Rxd1 Rxd1+ 23. Qf1 Rxf1+ 24. Kxf1 Nd5 25. c4 Nb4 26. c3 Nxa2 27.
Ke2 Nxc3+ 28. Kd3 Na4 29. f4 Nb2+ 30. Kc2 Nxc4 31. Kc3 Ne3 32. g4 Nxg4 33. h3
Rc8 34. hxg4 a5 35. Kb3 Bb4 36. Ka4 Rc5 37. g5 b5+ 38. Kb3 Rc3+ 39. Ka2 a4 40.
Kb2 a3+ 41. Ka2 Bd6 42. Ka1 Rc2 43. Kb1 a2+ 44. Ka1 Bb4 45. f5 Bc3# 0-1

[Event "SZCZYRK OPEN - TURNIEJ Z OKAZJI SWIETA NIEPODLEGLOSCI - BLITZ 3'+2'' "]
[Site "Szczyrk"]
[Date "2018-11-11"]
[Round "3.50"]
[White "Malik, Maciej"]
[Black "Kaznowska, Weronika"]
[Result "1-0"]
[WhiteTitle ""]
[BlackTitle ""]
[WhiteElo "1407"]
[BlackElo "1199"]

1. d4 d5 2. b3 Nf6 3. Bb2 e6 4. e3 Nbd7 5. Bd3 c5 6. Nf3 b6 7. O-O Bb7 8. Nbd2
Be7 9. Qe2 Qc8 10. Rac1 O-O 11. Ne5 a6 12. f4 b5 13. c4 dxc4 14. bxc4 b4 15. Ndf3
h6 16. Nxd7 Nxd7 17. Ne5 Qc7 18. Nxd7 Qxd7 19. Qg4 Bf6 20. f5 cxd4 21. exd4 Bg5
22. Rce1 exf5 23. Qxf5 Qxf5 24. Bxf5 Rfe8 25. d5 g6 26. Bd3 Be3+ 27. Kh1 Bc5 28.
Bc1 Kg7 29. Bb2+ Kg8 30. Bc1 Kg7 31. h3 Re7 32. Rxe7 Bxe7 33. Re1 Bd6 34. Bb2+
Kf8 35. Bf6 Re8 36. Bg7+ 1-0

[Event "SZCZYRK OPEN - TURNIEJ Z OKAZJI SWIETA NIEPODLEGLOSCI - BLITZ 3'+2'' "]
[Site "Szczyrk"]
[Date "2018-11-11"]
[Round "3.51"]
[White "Labedz, Dawid"]
[Black "Strzoda, Szymon"]
[Result "1-0"]
[WhiteTitle ""]
[BlackTitle ""]
[WhiteElo "1395"]
[BlackElo "1190"]

1. e4 e6 2. d4 d5 3. exd5 exd5 4. Bd3 Nc6 5. c3 Bd6 6. Nf3 Nf6 7. Bg5 O-O 8. O-O
Re8 9. h3 Be7 10. Nbd2 Nb8 11. b4 c6 12. c4 Be6 13. c5 Nbd7 14. Re1 Rb8 15. b5
Qc7 16. Ne5 Nxe5 17. Rxe5 Nd7 18. Bxe7 Nxe5 19. Bd6 Qa5 20. dxe5 Rbd8 21. Nb3
Qa4 22. Qh5 g6 23. Qg5 d4 24. Bc2 Bxb3 25. Bxb3 Qxb5 26. Qf6 Rd7 27. f4 d3 28.
f5 d2 29. fxg6 hxg6 30. Qxg6+ Kh8 31. Bxf7 Rxd6 32. Qxd6 d1=B 33. Qh6# 1-0

[Event "SZCZYRK OPEN - TURNIEJ Z OKAZJI SWIETA NIEPODLEGLOSCI - BLITZ 3'+2'' "]
[Site "Szczyrk"]
[Date "2018-11-11"]
[Round "3.52"]
[White "Fil, Grzegorz"]
[Black "Jaworski, Tymon"]
[Result "0-1"]
[WhiteTitle ""]
[BlackTitle ""]
[WhiteElo "1173"]
[BlackElo "1372"]

1. c4 c5 2. Nc3 Nc6 3. Nf3 Nf6 4. d4 cxd4 5. Nxd4 e5 6. Nc2 b6 7. e4 Bb7 8. f3
Bc5 9. a3 a5 10. Rb1 Bd4 11. Nxd4 Nxd4 12. Be3 Ne6 13. Nd5 Bxd5 14. cxd5 Nc5 15.
Bxc5 bxc5 16. Bc4 O-O 17. b3 a4 18. O-O axb3 19. Qxb3 Qc7 20. a4 Rfb8 21. Bb5
Ne8 22. Qd3 Nd6 23. Rf2 Nxb5 24. axb5 d6 25. Rfb2 Qb6 26. Qb3 c4+ 27. Kf1 cxb3
28. Rxb3 Ra2 29. R3b2 Rxb2 30. Rxb2 Qd4 31. Rb1 Qd3+ 32. Kf2 Qxb1 33. Kg3 Qe1+
34. Kg4 Rxb5 35. g3 Rb2 36. f4 h5+ 37. Kf5 g6+ 38. Kf6 Qxe4 39. h4 Kf8 40. g4
Qxf4# 0-1

[Event "SZCZYRK OPEN - TURNIEJ Z OKAZJI SWIETA NIEPODLEGLOSCI - BLITZ 3'+2'' "]
[Site "Szczyrk"]
[Date "2018-11-11"]
[Round "3.53"]
[White "Duda, Leon "]
[Black "Wydmanski, Robert"]
[Result "1-0"]
[WhiteTitle ""]
[BlackTitle ""]
[WhiteElo "1142"]
[BlackElo "1345"]

1. e4 c5 2. Nf3 d6 3. d4 cxd4 4. Nxd4 Nf6 5. Nc3 a6 6. Be3 e5 7. Nb3 Be7 8. Bc4
O-O 9. f3 Be6 10. Bxe6 fxe6 11. Qd2 d5 12. exd5 exd5 13. O-O-O d4 14. Bxd4 exd4
15. Nxd4 Qb6 16. Qe2 Bb4 17. Qc4+ Kh8 18. Ne6 Rc8 19. Qb3 Qxe6 20. Qxe6 Rxc3 21.
bxc3 Ba3+ 22. Kb1 Nc6 23. Rhe1 Na5 24. Qb6 Nc4 25. Rd8+ Rxd8 26. Qxd8+ Ng8 27.
Re8 h6 28. Rxg8+ Kh7 29. Rh8+ Kg6 30. Qd3+ Kh5 31. g4+ Kh4 32. Qxc4 b5 33. Qf7
g5 34. Qh5# 1-0

[Event "SZCZYRK OPEN - TURNIEJ Z OKAZJI SWIETA NIEPODLEGLOSCI - BLITZ 3'+2'' "]
[Site "Szczyrk"]
[Date "2018-11-11"]
[Round "3.54"]
[White "Zabrzanska, Weronika "]
[Black "Jaskulski, Jan "]
[Result "1-0"]
[WhiteTitle ""]
[BlackTitle ""]
[WhiteElo "1344"]
[BlackElo "1186"]

1. e4 c5 2. c3 d5 3. exd5 Qxd5 4. Nf3 Nf6 5. d4 e6 6. Be2 Nc6 7. Na3 cxd4 8. Nb5
Bd6 9. Nbxd4 O-O 10. O-O Nxd4 11. Nxd4 Qe5 12. Nf3 Qc5 13. Be3 Qc7 14. h3 Rd8
15. Qc2 e5 16. Bg5 e4 17. Bxf6 exf3 18. Bxd8 fxe2 19. Bxc7 exf1=Q+ 20. Rxf1 Bxc7
21. Qe4 Be6 22. Qxb7 Rc8 23. Re1 h6 24. Rxe6 1-0

[Event "SZCZYRK OPEN - TURNIEJ Z OKAZJI SWIETA NIEPODLEGLOSCI - BLITZ 3'+2'' "]
[Site "Szczyrk"]
[Date "2018-11-11"]
[Round "3.55"]
[White "Gradzki, Artur "]
[Black "Lambrecht, Tomasz"]
[Result "0-1"]
[WhiteTitle ""]
[BlackTitle ""]
[WhiteElo "1128"]
[BlackElo "1343"]

1. e4 c5 2. Nf3 g6 3. d4 cxd4 4. Nxd4 Bg7 5. Be3 Nf6 6. Nc3 Nc6 7. Bc4 O-O 8. f4
d6 9. f5 Bd7 10. Qd2 Ng4 0-1

[Event "SZCZYRK OPEN - TURNIEJ Z OKAZJI SWIETA NIEPODLEGLOSCI - BLITZ 3'+2'' "]
[Site "Szczyrk"]
[Date "2018-11-11"]
[Round "3.56"]
[White "Laszczuk, Zuzanna"]
[Black "Rydzewski, Marceli "]
[Result "1-0"]
[WhiteTitle ""]
[BlackTitle ""]
[WhiteElo "1332"]
[BlackElo "1146"]

1. e4 g6 2. d3 d6 3. g3 Bg7 4. Bg2 Nd7 5. Ne2 Ngf6 6. f4 e5 7. O-O O-O 8. h3 c6
9. f5 d5 10. Nd2 Qb6+ 11. Kh2 Bh6 12. g4 Bxd2 13. Qxd2 Kg7 14. g5 Nh5 15. f6+
Kg8 16. Qe1 Nc5 17. Ng3 Nf4 18. h4 Nxg2 19. Kxg2 dxe4 20. dxe4 Bg4 21. Be3 Qb5
22. Rh1 Ne6 23. h5 Qxb2 24. Rc1 Nf4+ 25. Kg1 Nh3+ 26. Kf1 Qb5+ 27. Ne2 Nf4 28.
c4 Qb2 29. Bxf4 Bxe2+ 30. Qxe2 Qxe2+ 31. Kxe2 exf4 32. hxg6 fxg6 33. Rcd1 Rad8
34. Rxd8 Rxd8 35. Rf1 Kf7 36. Rxf4 Rd4 37. Ke3 Rxc4 38. Kd3 Ra4 39. Rf2 Ra5 40.
Rg2 b5 41. Rh2 Ra3+ 42. Kd4 Rg3 43. Rxh7+ Ke6 44. Re7+ Kd6 45. e5# 1-0

[Event "SZCZYRK OPEN - TURNIEJ Z OKAZJI SWIETA NIEPODLEGLOSCI - BLITZ 3'+2'' "]
[Site "Szczyrk"]
[Date "2018-11-11"]
[Round "3.57"]
[White "Seo, Ian "]
[Black "Turowski, Maciej "]
[Result "0-1"]
[WhiteTitle ""]
[BlackTitle ""]
[WhiteElo "1119"]
[BlackElo "1322"]

1. e4 Nf6 2. Nc3 d5 3. exd5 Nxd5 4. Nf3 Bg4 5. Be2 Nxc3 6. bxc3 e6 7. h3 Bh5 8.
Bb2 Nc6 9. c4 f6 10. d4 Be7 11. d5 exd5 12. Qxd5 Qxd5 13. cxd5 Nb4 14. Nd4 Bxe2
15. Kxe2 Nxd5 16. Rhe1 Kf7 17. Nf5 Bb4 18. Red1 Rhe8+ 19. Kf1 Rad8 20. a3 Bc3
21. Bxc3 Nxc3 22. Rxd8 Rxd8 23. Kg1 g6 24. Ne3 Rd2 25. a4 Ne4 26. f3 Nc3 27. Ra3
Ne2+ 28. Kf2 Nf4+ 29. Kg3 Ne2+ 30. Kf2 Nd4+ 31. Ke1 Nxc2+ 32. Kxd2 Nxa3 33. Kc3
b5 34. Kb2 Nc4+ 35. Nxc4 0-1

[Event "SZCZYRK OPEN - TURNIEJ Z OKAZJI SWIETA NIEPODLEGLOSCI - BLITZ 3'+2'' "]
[Site "Szczyrk"]
[Date "2018-11-11"]
[Round "3.58"]
[White "Sprzeczka, Emilia"]
[Black "Ignatowski, Nikodem"]
[Result "1/2-1/2"]
[WhiteTitle ""]
[BlackTitle ""]
[WhiteElo "1107"]
[BlackElo "1316"]

1. e4 c5 2. Nf3 Nc6 3. d4 cxd4 4. Nxd4 g6 5. Nc3 Bg7 6. Nxc6 bxc6 7. Bc4 Nf6 8.
Bf4 O-O 9. O-O Nh5 10. Bg3 Nxg3 11. fxg3 Qb6+ 12. Kh1 Qxb2 13. Qf3 e6 14. Ne2
Qxc2 15. Rac1 Qa4 16. Bb3 Qb5 17. Nc3 Qb6 18. Na4 Qc7 19. Nc5 d6 20. Nd3 c5 21.
h3 Ba6 22. Rfd1 Rfc8 23. Kh2 c4 24. Nf2 c3 25. Nd3 Qd7 26. Nb2 Qe7 27. Na4 Kf8
28. Nxc3 Rxc3 29. Rxc3 Bxc3 30. Qxc3 Bb7 31. Qd2 Kg8 32. Qe3 Qd7 33. Qd3 Qc7 34.
Qc2 Qxc2 35. Bxc2 Bxe4 36. Bxe4 d5 37. Bf3 Kf8 38. Rc1 Ke7 39. Rc7+ Kf6 40. g4
a5 41. Kg3 Kg7 42. Rb7 a4 43. Bd1 a3 44. Bb3 d4 45. Bc2 1/2-1/2

[Event "SZCZYRK OPEN - TURNIEJ Z OKAZJI SWIETA NIEPODLEGLOSCI - BLITZ 3'+2'' "]
[Site "Szczyrk"]
[Date "2018-11-11"]
[Round "3.59"]
[White "Jakubiec, Maurycy"]
[Black "Wolski, Michal "]
[Result "0-1"]
[WhiteTitle ""]
[BlackTitle ""]
[WhiteElo "1093"]
[BlackElo "1311"]

1. e4 c6 2. Nc3 d5 3. exd5 cxd5 4. d4 Nc6 5. Nf3 e6 6. Bf4 Bd6 7. Qd2 Qc7 8. Bxd6
Qxd6 9. Bd3 Nf6 10. O-O-O Nb4 11. a3 Nxd3+ 12. Qxd3 Bd7 13. Ne5 O-O 14. g4 Ne8
15. h4 f6 16. Nf3 Qf4+ 17. Kb1 Qxg4 18. Rdg1 Qf5 19. Qd2 Qxf3 20. Rf1 Nd6 21.
h5 Nc4 22. Qe1 Qf4 23. Ka1 Qc7 24. Rfg1 Qb6 25. Nd1 Qxd4 26. c3 Qd2 27. Qf1 Qc2
28. Ka2 Nd2 29. Qg2 Qb1# 0-1

[Event "SZCZYRK OPEN - TURNIEJ Z OKAZJI SWIETA NIEPODLEGLOSCI - BLITZ 3'+2'' "]
[Site "Szczyrk"]
[Date "2018-11-11"]
[Round "3.61"]
[White "Gawlik, Olivier"]
[Black "Gromek, Pawel"]
[Result "0-1"]
[WhiteTitle ""]
[BlackTitle ""]
[WhiteElo "1026"]
[BlackElo "1300"]

1. e4 e6 2. d4 d5 3. e5 c5 4. c3 Qb6 5. a3 Nc6 6. Nf3 Bd7 7. Be2 cxd4 8. cxd4 Nge7
9. b4 Nf5 10. Bb2 Be7 11. Qd3 O-O 12. Qb5 Qxb5 13. Bxb5 a6 14. Bxc6 Bxc6 15. Nbd2
Nh4 16. Nxh4 Bxh4 17. Nf3 Be7 18. O-O Rfc8 19. Rac1 Bd7 20. Rxc8+ Rxc8 21. Rc1
Rxc1+ 22. Bxc1 a5 23. bxa5 Bd8 24. Bd2 Kf8 25. Kf1 Bb5+ 26. Ke1 Ke7 27. Kd1 Ba4+
28. Kc1 Kd7 29. Kb2 h6 30. Kc1 Kc6 31. Ng1 Kb5 32. Nh3 Bxa5 33. Bxa5 Kxa5 34.
Kd2 Bb3 35. Kc3 Ka4 36. Kb2 Bc4 37. g4 Be2 38. g5 Bg4 39. gxh6 gxh6 40. Nf4 b5
41. Nd3 Bf5 42. Nc5+ Ka5 43. Nb7+ Ka4 44. Nd8 Bg6 45. Nc6 Bh5 46. Ne7 b4 47. axb4
Kxb4 48. Ng8 Kc4 49. Nxh6 Kxd4 50. f4 Ke4 51. Ng8 Kxf4 52. Nf6 Bg6 53. Nd7 Kg4
54. Kc3 Kh3 55. Kd4 Kxh2 56. Ke3 Kg3 57. Kd4 Kf4 58. Nf6 Bf5 59. Nd7 Kg5 60. Nf6
Bc2 61. Nd7 Ba4 62. Nf6 Kf4 63. Ng8 Bd1 64. Nf6 Bf3 65. Ne8 Bh5 66. Nf6 Bg6 67.
Ng8 f5 68. exf6 e5+ 69. Kc3 d4+ 70. Kd2 e4 71. Ne7 Bf7 72. Nc6 e3+ 73. Ke2 Ke4
0-1

[Event "SZCZYRK OPEN - TURNIEJ Z OKAZJI SWIETA NIEPODLEGLOSCI - BLITZ 3'+2'' "]
[Site "Szczyrk"]
[Date "2018-11-11"]
[Round "3.62"]
[White "Sidlo, Szymon"]
[Black "Majdecka, Nikola "]
[Result "0-1"]
[WhiteTitle ""]
[BlackTitle ""]
[WhiteElo "1103"]
[BlackElo "1267"]

1. e4 e5 2. Nf3 Nc6 3. Nc3 Nf6 4. Bb5 Bc5 5. O-O a6 6. Bxc6 dxc6 7. Nxe5 Qe7 8.
Nd3 O-O 9. Nxc5 Qxc5 10. d4 Qe7 11. Re1 Ne8 12. Bf4 Qf6 13. Be5 Qg6 14. Qf3 Nd6
15. Qg3 Qh6 16. Bxd6 cxd6 17. Rad1 Re8 0-1

[Event "SZCZYRK OPEN - TURNIEJ Z OKAZJI SWIETA NIEPODLEGLOSCI - BLITZ 3'+2'' "]
[Site "Szczyrk"]
[Date "2018-11-11"]
[Round "3.63"]
[White "Karwot, Marek"]
[Black "Zmuda, Piotr "]
[Result "1-0"]
[WhiteTitle ""]
[BlackTitle ""]
[WhiteElo "1078"]
[BlackElo "1250"]

1. e4 e5 2. Nf3 f5 3. exf5 e4 4. Nd4 Qf6 5. Ne2 Qxf5 6. Ng3 Qe6 7. Nc3 Nf6 8. b3
Bb4 9. Bc4 d5 10. Bxd5 Nxd5 11. Qh5+ Qf7 12. Qxf7+ Kxf7 13. Nxd5 Bd6 14. O-O Nc6
15. Bb2 Be6 16. Ne3 Rad8 17. a3 Bxg3 18. fxg3+ Ke7 19. Bxg7 Rhg8 20. Bf6+ Kd7
21. Bxd8 Kxd8 22. Rf6 Bd7 23. Raf1 Nd4 24. Rf8+ Rxf8 25. Rxf8+ Ke7 26. Rf4 Bc6
27. Kf2 b5 28. Nf5+ Nxf5 29. Rxf5 Ke6 30. Rf4 Ke5 31. Ke3 Bd5 32. g4 c5 33. Rf5+
Kd6 34. Rh5 a5 35. Rxh7 b4 36. axb4 cxb4 37. Ra7 1-0

[Event "SZCZYRK OPEN - TURNIEJ Z OKAZJI SWIETA NIEPODLEGLOSCI - BLITZ 3'+2'' "]
[Site "Szczyrk"]
[Date "2018-11-11"]
[Round "3.64"]
[White "Dumin, Karolina"]
[Black "Bohdanowicz, Nikola"]
[Result "1-0"]
[WhiteTitle ""]
[BlackTitle ""]
[WhiteElo "1078"]
[BlackElo "1220"]

1. e4 c5 2. Nf3 Nc6 3. d3 d6 4. g3 Bg4 5. Bg2 g6 6. O-O Bg7 7. Nc3 e6 8. Bd2 Nge7
9. a3 O-O 10. h3 Bxf3 11. Qxf3 f5 12. exf5 Rxf5 13. Qe2 Qf8 14. Bxc6 Nxc6 15.
h4 Ne5 16. b4 b6 17. bxc5 bxc5 18. Rab1 Qf7 19. Ne4 Nf3+ 20. Kh1 Qf8 21. Rb7 Nxd2
22. Qxd2 d5 23. Nc3 Bd4 24. Nd1 e5 25. Rd7 Rd8 26. Rxd8 Qxd8 27. c3 Bxf2 28. Rxf2
Qf8 29. Rxf5 Qxf5 30. c4 Qh3+ 31. Kg1 Qxg3+ 32. Kf1 d4 33. Qf2 Qxd3+ 34. Qe2 Qh3+
35. Ke1 Qxh4+ 36. Kd2 e4 37. Nb2 e3+ 38. Kd1 Qh1+ 39. Kc2 Qe4+ 40. Kc1 h5 41.
Qc2 Qh1+ 42. Qd1 Qxd1+ 43. Kxd1 h4 44. Ke1 g5 45. Kf1 g4 46. Nd1 g3 47. Kg2 1-0

[Event "SZCZYRK OPEN - TURNIEJ Z OKAZJI SWIETA NIEPODLEGLOSCI - BLITZ 3'+2'' "]
[Site "Szczyrk"]
[Date "2018-11-11"]
[Round "3.66"]
[White "Gibas, Aleksander"]
[Black "Zmuda, Tomasz"]
[Result "1-0"]
[WhiteTitle ""]
[BlackTitle ""]
[WhiteElo "1032"]
[BlackElo "1174"]

1. e4 c5 2. c3 e6 3. d4 cxd4 4. cxd4 Nf6 5. e5 Nd5 6. Bc4 Nc6 7. Bxd5 exd5 8. Nf3
d6 9. O-O dxe5 10. Nxe5 Nxe5 11. dxe5 Be7 12. Be3 O-O 13. Nc3 Be6 14. f4 f6 15.
f5 Bd7 16. e6 Bc6 17. a3 b5 18. Qd2 a5 19. Rfd1 b4 20. axb4 axb4 21. Rxa8 Qxa8
22. Nxd5 Bd6 23. Nb6 Qb7 24. Qxd6 Bxg2 25. Qxb4 Bh1 26. Rd2 Ra8 27. Nxa8 Qxa8
28. Qb6 Qa1+ 29. Kf2 Qa8 30. Rd8+ Qxd8 31. Qxd8# 1-0